Ends in "-est" - Statistics

General Stats
  • This quiz has been taken 71 times
  • The average score is 20 of 30
Answer Stats
Hint Answer % Correct
A home for birds or hornets Nest
100%
What your body does with food after you've swallowed it Digest
94%
A quiz or exam Test
91%
A short, sleeveless garment, often worn under a suit coat Vest
91%
The top of a hill or wave, or, a popular US brand of toothpaste Crest
89%
What you should do with that money instead of putting it under your mattress Invest
85%
An annoying person or nuisance Pest
85%
A journey in search of something Quest
85%
A gathering of people. Munich holds a big one every Oktober Fest
83%
"____ we forget." Lest
83%
The upper frontal part of your torso, or, a box used to store stuff, like treasure Chest
81%
Sex symbol Mae, entertainer Kanye, or, "The Occident" West
80%
To "take a breather," or, the remaining portion of something Rest
78%
The outer essence of a lemon or orange peel, or, great enthusiasm Zest
78%
To joke or kid around, surely Jest
72%
To object to something, or perhaps a demonstration against it Protest
69%
To stop something, or, to take into police custody Arrest
67%
To dislike something intensely Detest
67%
What that money should be earning for you if you did the above wisely Interest
67%
To ask for something Request
67%
To swallow something, like food Ingest
61%
A violent wind storm. Shakespeare wrote a play about one Tempest
61%
A judicial investigation into an accident or death Inquest
56%
To put forward an idea for consideration, or, to imply Suggest
44%
When someone leaves you money in their will, or, the money they leave you Bequest
43%
A famous French port on the English Channel (Don't be a boob!) Brest
39%
To serve as a witness or to declare something to be true Attest
37%
To be truthful or fair. Really! Honest
28%
To be unassuming, shy and/or not boastful Modest
24%
If that money is not earning the above you may want to do this with it Divest
22%
No matching quizzes found
Score Distribution
Percent of People with Each Score
Percentile by Number Answered
Your Score History
You have not taken this quiz